| 000 | 00488nam a2200097Ia 4500 | ||
|---|---|---|---|
| 008 | 170517s9999 xx 000 0 und d | ||
| 245 | _aChiropractic | ||
| 300 | _aFor those who suffer from back pain or stiffness, a properly trained chiropractor can perform just the right adjustments to provide much needed relief. But in a new trend which is currently sweeping the profession, many of these specialists... | ||
| 650 | _xTechnology. | ||
| 856 | _uhttp://topdocumentaryfilms.com/chiropractic/ | ||
| 999 |
_c335024 _d335024 |
||